Chuyển đến nội dung
Inicio
Centros participantes
Catálogo
Servicios
Contacto
Đăng nhập
English
Deutsch
Español
Français
Italiano
日本語
Nederlands
Português
Português (Brasil)
中文(简体)
中文(繁體)
Türkçe
עברית
Gaeilge
Cymraeg
Ελληνικά
Català
Euskara
Русский
Čeština
Suomi
Svenska
polski
Dansk
slovenščina
اللغة العربية
বাংলা
Galego
Tiếng Việt
Hrvatski
हिंदी
Հայերէն
Українська
Sámegiella
Ngôn ngữ
Tất cả các trường
Tiêu đề
Tác giả
Chủ đề
Số hiệu
số ISBN/ISSN
Nhãn
Tìm kiếm
Nâng cao
Dos discursos y un solo pensam...
Trích dẫn điều này
Email này
In
Xuất bản ghi
Xuất tới RefWorks
Xuất tới EndNoteWeb
Xuất tới EndNote
Lưu vào danh sách
Liên kết dài hạn
Agregar primera valuación
Dos discursos y un solo pensamiento
Đã lưu trong:
Chi tiết về thư mục
Tác giả chính:
Celli, Humberto
Định dạng:
Texto
Được phát hành:
Caracas:
s.e.
Các nhãn:
Thêm thẻ
Không có thẻ, Là người đầu tiên thẻ bản ghi này!
Đang giữ
Miêu tả
Những bình luận
Những quyển sách tương tự
Chế độ xem nhân viên
MARC
LEADER
00000 a a2200000 04500
001
24216
003
040
020
|a
980-07-1663-7
090
|a
165400
100
|a
Celli, Humberto
245
|a
Dos discursos y un solo pensamiento
260
|a
Caracas:
|b
s.e.
300
|a
56 p.
|b
il.
999
|c
10759
|d
10759
Những quyển sách tương tự
Cómo organizar y manejar cooperativas
Bằng: García Müller, Alberto
Teoría y práctica de la documentación
Bằng: Coll Vinent, Roberto
Invasión USA a Panamá: modelo para no olvidar (y cinco presagios estructurales)
Bằng: Méndez Dávila, Lionel
Los Niños de la década perdida: investigación y análisis de violaciones de los derechos humanos de la niñez centroamericana 1980 - 1992
Sentido histórico del V Centenario: 1492-1992 /
Bằng: Meléndez, Guillermo